青空フリー切符範囲の駅 - Statistics

General Stats
  • This quiz has been taken 65 times
    63 since last reset
  • The average score is 122 of 251
Answer Stats
路線 駅名 標準停車種別 % Correct
米原 特急
90%
豊橋 特別快速 | 特急
87%
蒲郡 特別快速
87%
名古屋 特急
87%
刈谷 特別快速
83%
岐阜 特急
83%
大垣 普通 | 特急
83%
安城 特別快速
80%
三河安城 普通
80%
大府 区間快速 | 新快速
80%
金山 HL※ | 特別快速
80%
尾張一宮 特急
80%
関ケ原 特別快速
80%
飯田 特急
80%
武豊 区間快速
80%
多治見 普通 | 特急
80%
東海道本線 二川 特別快速
77%
三河三谷 区間快速※
77%
岡崎 特別快速
77%
熱田 普通
77%
尾頭橋 普通
77%
木曽川 普通
77%
西岐阜 特別快速
77%
醒ヶ井 特別快速
77%
豊川 特急
77%
高蔵寺 HL
77%
愛知御津 区間快速
73%
幸田 区間快速※
73%
南大高 普通
73%
大高 普通
73%
枇杷島 普通
73%
清洲 普通
73%
稲沢 普通※
73%
穂積 特別快速
73%
千種 特急
73%
春日井 快速
73%
桑名 特急
73%
鳥羽 快速みえ
73%
西岡崎 普通
70%
共和 快速
70%
笠寺 普通
70%
垂井 特別快速
70%
近江長岡 特別快速
70%
鶴舞 HL
70%
土岐市 HL
70%
瑞浪 HL
70%
恵那 快速※
70%
中津川 特急
70%
八田 区間快速
70%
蟹江 区間快速
70%
四日市 特急
70%
松阪 普通 | 特急
70%
伊勢奥津 普通
70%
西小坂井 区間快速
67%
東刈谷 普通
67%
美濃赤坂 普通
67%
本長篠 特急
67%
中部天竜 特急
67%
半田 区間快速
67%
大曽根 HL
67%
神領 区間快速
67%
美濃太田 普通 | 特急
67%
弥富 区間快速
67%
亀山 快速 | 普通
67%
特急
67%
鈴鹿 特急
67%
伊勢市 快速みえ
67%
三河大塚 区間快速
63%
三河塩津 区間快速
63%
野田新町 普通
63%
柏原 特別快速
63%
新城 特急
63%
古虎渓 普通
63%
下呂 特急
63%
多気 快速みえ | 特急
63%
逢妻 普通
60%
新守山 区間快速
60%
勝川 快速
60%
南木曽 普通※
60%
木曽福島 特急
60%
奈良井 普通
60%
富田 区間快速
60%
河原田 快速
60%
三ヶ根 区間快速
57%
相見 区間快速
57%
船町 普通※
57%
水窪 特急
57%
天竜峡 特急
57%
坂下 普通
57%
鵜沼 普通※
57%
可児 普通
57%
春田 区間快速
57%
長島 普通
57%
南四日市 快速
57%
紀伊長島 特急
57%
伊勢鉄道線 河原田 普通
57%
下地 普通※
53%
小坂井 快速
53%
定光寺 普通
53%
美乃坂本 快速
53%
上松 普通※
53%
各務ヶ原 普通
53%
白川口 普通※
53%
普通
53%
富田浜 区間快速
53%
荒尾 普通
50%
小和田 普通
50%
釜戸 快速
50%
武並 快速
50%
落合川 普通
50%
木曽平沢 普通
50%
朝日 区間快速
50%
一身田 普通
50%
三瀬谷 特急
50%
鈴鹿サーキット稲生 普通※
50%
二見浦 快速みえ
50%
三河一宮 快速
47%
湯谷温泉 特急
47%
東栄 快速
47%
十二兼 普通
47%
飛騨金山 普通※
47%
永和 普通
47%
家城 普通
47%
長篠城 普通
43%
大嵐 普通
43%
平岡 特急
43%
東浦 区間快速
43%
大桑 普通
43%
長森 普通
43%
那加 普通
43%
坂祝 普通
43%
下麻生 普通
43%
河曲 快速
43%
加佐登 快速
43%
一志 普通
43%
牛久保 快速
40%
佐久間 快速
40%
尾張森岡 区間快速
40%
田立 普通
40%
野尻 普通
40%
須原 普通
40%
上麻生 普通
40%
長山 快速
37%
野田城 快速
37%
温田 特急
37%
緒川 区間快速
37%
焼石 普通
37%
六軒 普通
37%
伊勢上野 普通
37%
東一身田 普通
37%
五十鈴ヶ丘 普通※
37%
三河東郷 快速
33%
三河川合 快速
33%
為栗 快速※
33%
普通
33%
原野 普通
33%
藪原 普通
33%
蘇原 普通
33%
中川辺 普通
33%
美濃川合 普通
33%
井田川 快速
33%
阿漕 普通
33%
相可 普通
33%
茶臼山 快速
30%
乙川 区間快速
30%
東成岩 区間快速
30%
倉本 普通
30%
宮ノ越 普通
30%
小泉 普通
30%
高茶屋 普通
30%
大内山 普通
30%
河芸 普通
30%
外城田 普通※
30%
江島 快速
27%
東上 快速
27%
東新町 快速
27%
大海 快速
27%
三河槇原 快速
27%
柿平 普通※
27%
中井侍 普通
27%
田本 快速※
27%
亀崎 区間快速
27%
古井 普通
27%
下庄 普通
27%
徳和 普通
27%
栃原 普通
27%
伊勢柏崎 普通
27%
玉垣 普通
27%
山田上口 普通※
27%
松下 普通※
27%
鳥居 普通
23%
三河大野 快速
23%
出馬 普通※
23%
唐笠 快速
23%
石浜 区間快速
23%
佐奈 普通
23%
権現前 普通
23%
伊勢八太 普通
23%
井関 普通
23%
伊勢鎌倉 普通
23%
田丸 普通※
23%
宮川 普通※
23%
池場 普通※
20%
下川合 普通
20%
伊那小沢 快速
20%
金野 快速※
20%
千代 快速※
20%
切石 普通
20%
下切 普通
20%
滝原 普通
20%
梅ヶ谷 普通
20%
中瀬古 普通※
20%
関ノ宮 普通
20%
伊勢竹原 普通
20%
伊勢八知 普通
20%
比津 普通
20%
浦川 快速
17%
城西 快速
17%
向市場 普通
17%
川路 普通
17%
時又 普通
17%
駄科 普通
17%
下山村 普通
17%
下油井 普通
17%
根本 普通
17%
川添 普通
17%
上ノ庄 普通
17%
上市場 普通
13%
早瀬 普通
13%
相月 普通
13%
毛賀 普通
13%
伊那八幡 普通
13%
阿曽 普通
13%
伊勢大井 普通
13%
伊勢川口 普通
13%
鶯巣 普通
10%
門島 快速
10%
得田 普通
3%
No matching quizzes found
Score Distribution
Percent of People with Each Score
Percentile by Number Answered
Your Score History
You have not taken this quiz since the last reset